000 00592nam a2200229Ia 4500
003 OSt
005 20220924152325.0
006 a|||||r|||| 00| 0
007 ta
008 220923b |||||||| |||| 00| 0 ara d
024 _a342011
037 _cTextual
040 _aARTS
_cARTS
_bara
041 _2ara
_aara
082 _aQ7, 28E6
100 _aSiddeeq Sayed Mohammad Au.
_9226386
245 0 _aHusool al-mamool min ilm al-usool
260 _c1916
650 _aISLAM
_9577
942 _hQ7, 28E6
_cTEXL
_2CC
999 _c469464
_d469464